| 000 | 00957nam a2200241 i 4500 | ||
|---|---|---|---|
| 001 | 159919 | ||
| 003 | ES-MaACL | ||
| 005 | 20230906211856.0 | ||
| 008 | 011011s1887 sp |||| | spa d | ||
| 040 |
_aCCPB | B _bspa _cCCPB | B |
||
| 080 | _a930.85(599) | ||
| 080 | _a930.85(=621.215.35) | ||
| 100 | 1 |
_aPaterno, Pedro Alejandro. _9130894 |
|
| 245 | 1 | 3 |
_aLa antigua civilización tagálog _b: apuntes / _cpor Pedro Alexandro Molo Agustín Paterno y de Vera Ignacio, Manguinóo Paterno. |
| 260 |
_aMadrid : _b[s.n.], _c1887 ( _fTip. de Manuel G. Hernández) |
||
| 300 |
_a411 p. ; _c23 cm. |
||
| 530 | _aDisponible en formato digital. | ||
| 650 | 4 |
_aTagalos (Pueblo filipino) _9155472 |
|
| 651 | 4 |
_aFilipinas- _xCivilización. _9155473 |
|
| 852 |
_aES-MaACL _jF-5684 _z-- Enc. hol. _z.- Dont. Sr. Moret |
||
| 852 |
_aES-MaACL _jG-11445 _z-- Enc. hol. |
||
| 856 |
_uhttp://bdh-rd.bne.es/viewer.vm?id=0000077033&page=1 _zBiblioteca Digital Hispánica |
||
| 999 |
_c159919 _d159919 |
||